000 00579nam a2200193Ia 4500
005 20260120132107.0
008 008 260114s9999 xx 000 0 eng d
020 _a9780197719862
037 _aEBOOK
040 _aCRL
_beng
_cCRL
041 _aeng
_2eng
084 _qCRL
100 _aWilliams
_9934876
245 0 _aLinking Arms Together American Indian Treaty Visions of Law and Peace, 1600-1800
260 _bOxford University PressOxford University Press
_c2023
856 _uhttps://academic.oup.com/book/50359
942 _cEBOOK
999 _c1526799
_d1526799